000 00812nmm a2200265 a 4500
001 ocm000604904
003 TR-IsHL
005 20201028134115.0
008 131121s2005 tu tur
007 cr cn
020 _a9789759698577
035 _a604904
_b(N$T)
050 0 4 _aWA11
_b.O38 2005
090 0 4 _aWA11
_b.O38 2005
100 1 _aOkur, İbrahim
245 1 0 _aUygarlığın kritik yolu olarak temizliğin tarihi
_h[electronic resource] /
_cİbrahim Okur
260 _aİstanbul :
_bOkursoy Yayınları,
_c2005
300 _a416 p.
650 4 _aTarih
650 4 _aHistory
650 0 _aTemizlik
_x Tarih
650 0 _aClean
_x History
650 7 _aHISTORY / Civilization
_2bisacsh
856 4 0 _uhttp://search.ebscohost.com/login.aspx?direct=true&scope=site&db=e011xww&AN=604904
999 _c6010
_d6010